Špeciálne jednotky I

Lexikón odbornej terminológie

Salvato in:
Dettagli Bibliografici
Autore principale: Ondrejkovičová, Jelena
Altri autori: Ferenčíková, Petra, Masárová, Mária, Rechtoríková, Gabriela
Natura: Capitolo di libro
Lingua:slovacco
inglese
tedesco
francese
russo
Soggetti:
Tags: Aggiungi Tag
Nessun Tag, puoi essere il primo ad aggiungerne!!

MARC

LEADER 00000naa a2200000 4500
001 0147060
005 20240502072645.6
041 0 |a slo 
041 0 |a eng 
041 0 |a ger 
041 0 |a fre 
041 0 |a rus 
044 |a SK 
245 1 0 |a Špeciálne jednotky I  |c Jelena Ondrejkovičová, Petra Ferenčíková, Mária Masárová, Gabriela Rechtoríková 
520 |a Lexikón odbornej terminológie 
610 2 0 |a polícia 
610 2 0 |a terminológia 
610 2 0 |a slovníky 
100 1 |a Ondrejkovičová, Jelena 
700 1 |a Ferenčíková, Petra 
700 1 |a Masárová, Mária 
700 1 |a Rechtoríková, Gabriela